LEADER 01146nam a2200241 i 4500 001 000000182393 003 CaOOAMICUS 005 20091022000000.0 008 091022s1959 be u000 u geo u 013 $a160348 040 $aSeMil$bita 100 1 $aTarchnischvili, Michel.$0(OLS)http://semarc/name/9963 245 10$a[Textus] /$cédité par Michel Tarchnischvili. 300 $aXVI, 174 p. 490 0 $aCorpus Scriptorum Christianorum Orientalium ;$vVol.188. . Scriptores Iberici ; Tomus 9 490 0 $aCorpus Scriptorum Christianorum Orientalium. Scriptores Iberici ;$v9 773 0 $aTarchnischvili, Michel$tGrand lectionnaire de l'Église de Jérusalem.$dLouvain : CorpusSCO, 1959.$w()22219 830 0$aCorpus Scriptorum Christianorum Orientalium ;$vVol.188. . Scriptores Iberici ; Tomus 9.$0(OLS)http://semarc/title/77 830 0$aCorpus Scriptorum Christianorum Orientalium. Scriptores Iberici ;$v9.$0(OLS)http://semarc/title/29357 850 $aSeMil 852 $aSeMil$W1$xVenegono$y1$m2S III 188$j133097$B133097$CSeMilBibl$Z2$F144875 $81 961 $aOmaggio: Altro 996 $6245$a[Textus]$9(OLS)http://semarc/title/55528 LEADER 00464nab a2200133 i 4500 001 000000313588 003 CaOOAMICUS 005 20180831173115.0 008 180831n xx uu u0 0und r 013 $a22679 040 $aSeMil$bita 245 12$aL?interpretazione apocalittico-escatologica del Nuovo Testamento. 773 0 $t[Luglio-Dicembre].$g434-451$w()274230 996 $6245$aL?interpretazione apocalittico-escatologica del Nuovo Testamento$9(OLS)http://semarc/title/387835